000 00274nam a2200109Ia 4500
008 190912s9999||||xx |||||||||||||| ||und||
100 _aGroff, Weinberg
245 0 _aOsborne SQL The Complete Reference
260 _aUSA
_bTata McGraw Hill
_c2000
300 _a994
942 _cBK
999 _c7824
_d7824